[Event "WchT Seniors 50"]
[Site "Prague"]
[Date "2020.03.10"]
[Round "5.5"]
[White "Cummings, David"]
[Black "Priehoda, Vitezslav"]
[Result "0-1"]
[WhiteElo "2342"]
[BlackElo "2337"]
[PlyCount "64"]
[GameId "1493646934458368"]
[EventDate "2020.03.06"]
[EventType "team-swiss"]
[EventRounds "7"]
[EventCountry "CZE"]
[SourceTitle "CBM 195 Extra"]
[Source "ChessBase"]
[SourceDate "2020.05.31"]
[SourceVersion "1"]
[SourceVersionDate "2020.05.31"]
[SourceQuality "1"]
[WhiteTeam "Canada 50"]
[BlackTeam "Czech Republic 50 II"]
[WhiteTeamCountry "CAN"]
[BlackTeamCountry "CZE"]

1. c4 e6 2. Nf3 a6 3. e3 Nf6 4. b3 d5 5. Bb2 Be7 6. Nc3 O-O 7. d4 b6 8. Bd3 Bb7 9. cxd5 exd5 10. O-O Nbd7 11. Ne5 Bd6 12. f4 c5 13. Qf3 b5 14. Qh3 c4 15. Nxd7 cxd3 16. Nxf8 Bxf8 17. Rad1 b4 18. Na4 Bc6 19. Nc5 Bb5 20. Nxd3 Qa5 21. Ba1 Qxa2 22. Rfe1 Qxb3 23. Nc5 Qa2 24. e4 Nxe4 25. Nxe4 dxe4 26. d5 Bd3 27. Qf5 Rd8 28. Rxd3 exd3 29. Qxd3 Rxd5 30. Qg3 Qa4 31. h3 Rd1 32. Kh2 Qxa1 0-1

[Event "WchT Seniors 50"]
[Site "Prague"]
[Date "2020.03.11"]
[Round "6.1"]
[White "Arkell, Keith C"]
[Black "Cummings, David"]
[Result "1/2-1/2"]
[WhiteElo "2447"]
[BlackElo "2342"]
[PlyCount "205"]
[GameId "1494700440842240"]
[EventDate "2020.03.06"]
[EventType "team-swiss"]
[EventRounds "7"]
[EventCountry "CZE"]
[SourceTitle "CBM 195 Extra"]
[Source "ChessBase"]
[SourceDate "2020.05.31"]
[SourceVersion "1"]
[SourceVersionDate "2020.05.31"]
[SourceQuality "1"]
[WhiteTeam "England 50"]
[BlackTeam "Canada 50"]
[WhiteTeamCountry "ENG"]
[BlackTeamCountry "CAN"]

1. c4 e6 2. d4 Nf6 3. Nf3 d5 4. cxd5 exd5 5. Nc3 c6 6. Qc2 g6 7. Bg5 Be7 8. Bxf6 Bxf6 9. e3 Bf5 10. Bd3 Bxd3 11. Qxd3 O-O 12. b4 a6 13. O-O Nd7 14. a4 Nb6 15. Rfc1 Be7 16. Qb1 Bd6 17. Qb3 Qd7 18. Rab1 Rfe8 19. g3 Qf5 20. Qd1 h5 21. Qe2 Kg7 22. Kg2 Re7 23. Qc2 Qd7 24. Qd3 Rae8 25. Re1 Qg4 26. h3 Qd7 27. a5 Na8 28. Na4 Nc7 29. Nc5 Qc8 30. Re2 Ne6 31. Qc3 Kg8 32. Nd3 Ng7 33. Nfe5 Kh7 34. Qc2 Nf5 35. Rbe1 f6 36. Nf3 Kg7 37. Qd2 Qc7 38. Nf4 Bxf4 39. gxf4 Qd7 40. Rg1 Qe6 41. Qd3 Kf7 42. Kh2 Rg8 43. Ree1 Qe4 44. Qxe4 Rxe4 45. Rc1 Re7 46. Kg2 Rge8 47. Rc3 Re6 48. Re1 R6e7 49. Kf1 Re4 50. Re2 R4e7 51. Ke1 Nd6 52. Kd1 Rg8 53. h4 Ne4 54. Rc1 g5 55. fxg5 fxg5 56. hxg5 Nxg5 57. Ne5+ Kf6 58. f3 Nf7 59. Nd3 Rg3 60. Kd2 Rxf3 61. Rh1 Rf5 62. Nf4 Nd6 63. Nxh5+ Kf7 64. Nf4 Ke8 65. Kd3 Kd7 66. Ng6 Rg7 67. Ne5+ Kc7 68. Reh2 Nf7 69. Rh7 Nxe5+ 70. dxe5 Rff7 71. Rxg7 Rxg7 72. Rh4 b6 73. Kd4 bxa5 74. bxa5 Kd7 75. e4 dxe4 76. Kxe4 Rg1 77. Rh7+ Ke6 78. Rh6+ Kd7 79. Rd6+ Ke7 80. Rxc6 Re1+ 81. Kd5 Rd1+ 82. Kc5 Re1 83. Rc7+ Ke6 84. Rc6+ Kxe5 85. Rxa6 Rc1+ 86. Kb6 Kd6 87. Kb7+ Kd7 88. Rb6 Rc7+ 89. Kb8 Rc8+ 90. Ka7 Rc7+ 91. Rb7 Kc8 92. a6 Rc6 93. Rb8+ Kc7 94. Rb1 Kc8 95. Rh1 Kc7 96. Rh7+ Kc8 97. Rb7 Re6 98. Rb8+ Kc7 99. Rb7+ Kc8 100. Rb6 Rxb6 101. Kxb6 Kb8 102. a7+ Ka8 103. Ka6 1/2-1/2

[Event "WchT Seniors 50"]
[Site "Prague"]
[Date "2020.03.12"]
[Round "7.1"]
[White "Cummings, David"]
[Black "Frostick, Clive A"]
[Result "1/2-1/2"]
[WhiteElo "2342"]
[BlackElo "2082"]
[PlyCount "45"]
[GameId "1494700441210880"]
[EventDate "2020.03.06"]
[EventType "team-swiss"]
[EventRounds "7"]
[EventCountry "CZE"]
[SourceTitle "CBM 195 Extra"]
[Source "ChessBase"]
[SourceDate "2020.05.31"]
[SourceVersion "1"]
[SourceVersionDate "2020.05.31"]
[SourceQuality "1"]
[WhiteTeam "Canada 50"]
[BlackTeam "England 50 II"]
[WhiteTeamCountry "CAN"]
[BlackTeamCountry "ENG"]

1. c4 e6 2. Nf3 d5 3. g3 Nf6 4. Bg2 Be7 5. O-O O-O 6. b3 b6 7. cxd5 exd5 8. Bb2 Bb7 9. d4 Re8 10. Nc3 Nbd7 11. Qc2 c5 12. Rfd1 Rc8 13. Rac1 Qc7 14. e3 Qb8 15. Qb1 Bf8 16. Ne2 Ne4 17. Ne5 Ndf6 18. Nf4 cxd4 19. Rxc8 Qxc8 20. Bxd4 Nc3 21. Bxc3 Qxc3 22. Ned3 Ne4 23. Rc1 1/2-1/2

[Event "WchT Seniors 50"]
[Site "Acqui Terme"]
[Date "2022.06.24"]
[Round "5.2"]
[White "Kaidanov, Gregory S"]
[Black "Cummings, David"]
[Result "1-0"]
[WhiteElo "2557"]
[BlackElo "2329"]
[PlyCount "73"]
[GameId "1796305124577280"]
[EventDate "2022.06.20"]
[EventType "team-swiss"]
[EventRounds "9"]
[EventCountry "ITA"]
[SourceTitle "CBM 209 Extra"]
[Source "ChessBase"]
[SourceDate "2022.09.30"]
[SourceVersion "1"]
[SourceVersionDate "2022.09.30"]
[SourceQuality "1"]
[WhiteTeam "United States 50"]
[BlackTeam "Canada 50"]
[WhiteTeamCountry "USA"]
[BlackTeamCountry "CAN"]

1. Nf3 Nf6 2. g3 d5 3. Bg2 e6 4. O-O c5 5. d3 Nc6 6. Nbd2 Be7 7. e4 O-O 8. Re1 Qc7 9. Nf1 dxe4 10. dxe4 Rd8 11. Qe2 Nd4 12. Nxd4 cxd4 13. e5 Nd7 14. Bf4 Nf8 15. Rad1 Qb6 16. Bc1 Bd7 17. Nd2 Bc6 18. Bxc6 bxc6 19. Nc4 Qc7 20. h4 c5 21. Qg4 Kh8 22. Rd3 Nd7 23. Rf3 Rf8 24. Qh5 Kg8 25. Bg5 Qd8 26. Rf4 f6 27. exf6 Bxf6 28. Rxe6 Bxg5 29. hxg5 Rxf4 30. gxf4 Nf8 31. Rd6 Qe7 32. Qf3 Re8 33. Qd5+ Kh8 34. Ne5 g6 35. Rf6 Ne6 36. Rf7 Qd8 37. Rd7 1-0

[Event "WchT Seniors 50"]
[Site "Krakow"]
[Date "2024.07.03"]
[Round "2.2"]
[White "Khachiyan, Melikset"]
[Black "Cummings, David"]
[Result "1/2-1/2"]
[WhiteElo "2414"]
[BlackElo "2270"]
[PlyCount "82"]
[GameId "2065220357410816"]
[EventDate "2024.07.02"]
[EventType "team-swiss"]
[EventRounds "9"]
[EventCountry "POL"]
[SourceTitle "CBM 221 Extra"]
[Source "ChessBase"]
[SourceDate "2024.09.30"]
[SourceVersion "1"]
[SourceVersionDate "2024.09.30"]
[SourceQuality "1"]
[WhiteTeam "USA 50"]
[BlackTeam "Canada 50"]
[WhiteTeamCountry "USA"]
[BlackTeamCountry "CAN"]

1. e4 c6 2. d4 d5 3. e5 Bf5 4. Nd2 e6 5. Nb3 Nd7 6. Nf3 h6 7. Be2 Ne7 8. O-O Bh7 9. Ne1 c5 10. Nxc5 Nxc5 11. dxc5 Nc6 12. Nd3 Bxd3 13. Qxd3 Bxc5 14. Qg3 g6 15. c3 a5 16. Bb5 Qc7 17. Re1 Kf8 18. Be3 Ne7 19. Bd3 Bxe3 20. Rxe3 Nf5 21. Bxf5 gxf5 22. Rd1 Qc4 23. b3 Qg4 24. Rd4 Qxg3 25. hxg3 Rc8 26. Kf1 f6 27. exf6 Kf7 28. g4 Kxf6 29. gxf5 Kxf5 30. g3 Rc6 31. Rf4+ Kg5 32. c4 dxc4 33. bxc4 b6 34. Kg2 Rd8 35. Ref3 Rc5 36. Rf6 Rd6 37. R3f4 Rdc6 38. Kh3 h5 39. Rf8 Rc8 40. R8f6 R8c6 41. Rf8 Rc8 1/2-1/2

[Event "WchT Seniors 50"]
[Site "Krakow"]
[Date "2024.07.04"]
[Round "3.2"]
[White "Cummings, David"]
[Black "Ograbek, Grzegorz"]
[Result "1-0"]
[WhiteElo "2270"]
[BlackElo "2063"]
[PlyCount "50"]
[GameId "2065220357754880"]
[EventDate "2024.07.02"]
[EventType "team-swiss"]
[EventRounds "9"]
[EventCountry "POL"]
[SourceTitle "CBM 221 Extra"]
[Source "ChessBase"]
[SourceDate "2024.09.30"]
[SourceVersion "1"]
[SourceVersionDate "2024.09.30"]
[SourceQuality "1"]
[WhiteTeam "Canada 50"]
[BlackTeam "Poland Caissa 50"]
[WhiteTeamCountry "CAN"]
[BlackTeamCountry "POL"]

1. c4 d6 2. Nc3 g6 3. d4 Bg7 4. Nf3 e5 5. dxe5 dxe5 6. Qxd8+ Kxd8 7. Bg5+ f6 8. O-O-O+ Ke8 9. Bd2 Be6 10. e3 Na6 11. Be2 Nh6 12. h3 Nf7 13. g4 c6 14. Ne4 b6 15. Bc3 Nc5 16. Nxc5 bxc5 17. Nd2 Bf8 18. f4 Be7 19. h4 h5 20. gxh5 gxh5 21. Rhg1 Rd8 22. Bf3 Kd7 23. Nb3+ Kc8 24. Rxd8+ Rxd8 25. Na5 Nd6 1-0

[Event "WchT Seniors 50"]
[Site "Krakow"]
[Date "2024.07.05"]
[Round "4.2"]
[White "Davis, Lee"]
[Black "Cummings, David"]
[Result "0-1"]
[WhiteElo "1930"]
[BlackElo "2270"]
[PlyCount "86"]
[GameId "2065220358033408"]
[EventDate "2024.07.02"]
[EventType "team-swiss"]
[EventRounds "9"]
[EventCountry "POL"]
[SourceTitle "CBM 221 Extra"]
[Source "ChessBase"]
[SourceDate "2024.09.30"]
[SourceVersion "1"]
[SourceVersionDate "2024.09.30"]
[SourceQuality "1"]
[WhiteTeam "Wales Silures 50"]
[BlackTeam "Canada 50"]
[WhiteTeamCountry "WLS"]
[BlackTeamCountry "CAN"]

1. d4 Nf6 2. Nf3 e6 3. g3 c5 4. Bg2 cxd4 5. O-O d5 6. Nxd4 e5 7. Nb3 Be6 8. c4 Nc6 9. cxd5 Nxd5 10. Nc3 Nxc3 11. Qxd8+ Rxd8 12. bxc3 Bd5 13. Bxd5 Rxd5 14. Be3 Be7 15. Rfd1 Rd8 16. Nc5 b6 17. Rxd8+ Kxd8 18. Rd1+ Kc7 19. Nb3 Rd8 20. Rxd8 Nxd8 21. f3 Kc6 22. c4 Nb7 23. Kf1 Bb4 24. Bf2 Nd6 25. e4 Nxc4 26. Ke2 Nb2 27. f4 f6 28. Be3 Kb5 29. fxe5 fxe5 30. Bc1 Na4 31. a3 Kc4 32. Nd2+ Bxd2 33. Bxd2 Kd4 34. Bb4 Kxe4 35. Bf8 g6 36. Bd6 Nc3+ 37. Kd2 Nb5 38. Bb8 Nxa3 39. Bxa7 Nc4+ 40. Kc3 Kd5 41. Bb8 e4 42. Bf4 e3 43. Kd3 b5 0-1

[Event "WchT Seniors 50"]
[Site "Krakow"]
[Date "2024.07.06"]
[Round "5.2"]
[White "Cummings, David"]
[Black "Marinello, Beatriz M"]
[Result "1-0"]
[WhiteElo "2270"]
[BlackElo "2109"]
[PlyCount "113"]
[GameId "2065220358262784"]
[EventDate "2024.07.02"]
[EventType "team-swiss"]
[EventRounds "9"]
[EventCountry "POL"]
[SourceTitle "CBM 221 Extra"]
[Source "ChessBase"]
[SourceDate "2024.09.30"]
[SourceVersion "1"]
[SourceVersionDate "2024.09.30"]
[SourceQuality "1"]
[WhiteTeam "Canada 50"]
[BlackTeam "USA 50 (W)"]
[WhiteTeamCountry "CAN"]
[BlackTeamCountry "USA"]

1. c4 e5 2. Nc3 Nf6 3. Nf3 Nc6 4. g3 d5 5. cxd5 Nxd5 6. Bg2 Nb6 7. O-O Be7 8. b3 O-O 9. Bb2 Re8 10. Rc1 Bf5 11. d3 Bf6 12. Ne4 Bxe4 13. dxe4 Qxd1 14. Rfxd1 Rad8 15. Bf1 Nc8 16. e3 Nd6 17. Bd3 Re7 18. Kf1 g6 19. Ke2 Bg7 20. Ba3 Red7 21. g4 h6 22. Bb1 Nb5 23. Rxd7 Rxd7 24. Bb2 f6 25. h4 Nd6 26. Nd2 Kf7 27. Nf1 Bf8 28. Ng3 Nd8 29. f4 exf4 30. exf4 Ne6 31. f5 Nf4+ 32. Kf3 g5 33. hxg5 hxg5 34. Rd1 Re7 35. a3 Re8 36. b4 Bg7 37. Ba2+ Ke7 38. Bc1 Rh8 39. Bxf4 gxf4 40. Nh5 Bh6 41. Be6 Bg5 42. a4 c6 43. Re1 Nf7 44. Bxf7 Kxf7 45. Rd1 Ke7 46. Nxf4 Rh2 47. Ne6 Bh4 48. Nf4 Bg5 49. e5 fxe5 50. Ng6+ Ke8 51. Nxe5 Rh3+ 52. Kg2 Ra3 53. Nf3 Be7 54. g5 Rxa4 55. f6 Bxf6 56. gxf6 Rxb4 57. Ne5 1-0

[Event "WchT Seniors 50"]
[Site "Krakow"]
[Date "2024.07.07"]
[Round "6.2"]
[White "Hjartarson, Johann"]
[Black "Cummings, David"]
[Result "1-0"]
[WhiteElo "2472"]
[BlackElo "2270"]
[PlyCount "91"]
[GameId "2065220358459392"]
[EventDate "2024.07.02"]
[EventType "team-swiss"]
[EventRounds "9"]
[EventCountry "POL"]
[SourceTitle "CBM 221 Extra"]
[Source "ChessBase"]
[SourceDate "2024.09.30"]
[SourceVersion "1"]
[SourceVersionDate "2024.09.30"]
[SourceQuality "1"]
[WhiteTeam "Iceland 50"]
[BlackTeam "Canada 50"]
[WhiteTeamCountry "ISL"]
[BlackTeamCountry "CAN"]

1. e4 c6 2. d4 d5 3. e5 Bf5 4. Nf3 e6 5. Be2 Nd7 6. O-O a5 7. a4 f6 8. Nbd2 fxe5 9. dxe5 Bc5 10. Nb3 Ba7 11. Nbd4 Ne7 12. h3 Nc5 13. Be3 O-O 14. c3 Qd7 15. Nh4 Ng6 16. Nxg6 Bxg6 17. Bg4 Bf5 18. Re1 Bxg4 19. Qxg4 Rfe8 20. Re2 Qf7 21. Rf1 Qg6 22. Qxg6 hxg6 23. b3 Kf7 24. Rd1 Ne4 25. Rc2 Bb8 26. Nf3 Ba7 27. Bxa7 Rxa7 28. Nd4 Ra6 29. Kh2 Ke7 30. c4 dxc4 31. Rxc4 Rd8 32. f3 Ng5 33. Re1 Rb6 34. Re3 Rb4 35. Ne2 Nh7 36. Rxb4 axb4 37. Nf4 g5 38. Nd3 Rd4 39. a5 Rd5 40. a6 Kd7 41. axb7 Kc7 42. Nxb4 Rb5 43. b8=Q+ Kxb8 44. Nxc6+ Kc7 45. Nd4 Rb6 46. b4 1-0

[Event "WTch Senior +50"]
[Site "Prague CZE"]
[Date "2025.02.23"]
[Round "6.2"]
[White "Cummings, David"]
[Black "Seul, Georg"]
[Result "1/2-1/2"]
[WhiteElo "2255"]
[BlackElo "2329"]
[PlyCount "116"]
[GameId "524821515510"]
[EventDate "2025.02.17"]
[EventType "team-swiss"]
[EventRounds "9"]
[EventCountry "CZE"]
[SourceTitle "Mega2025 Update 17"]
[Source "Chessbase"]
[SourceDate "2025.02.28"]
[SourceVersion "1"]
[SourceVersionDate "2025.02.28"]
[SourceQuality "1"]
[WhiteTeam "Canada 50"]
[BlackTeam "Confluentia 50"]
[WhiteTeamCountry "CAN"]
[BlackTeamCountry "GER"]

1. c4 e5 2. Nc3 Bb4 3. Nd5 a5 4. Nf3 d6 5. a3 Bc5 6. e3 Nd7 7. d4 Ba7 8. Qc2 c6 9. Nc3 Ngf6 10. Bd2 O-O 11. O-O-O Re8 12. h3 d5 13. cxd5 cxd5 14. g4 e4 15. Nh2 Nb6 16. g5 Nfd7 17. f4 exf3 18. Nxf3 Nf8 19. Bd3 Be6 20. h4 Rc8 21. Kb1 Nc4 22. g6 fxg6 23. Ng5 b5 24. Nxe6 Rxe6 25. Bxc4 Rxc4 26. Qb3 b4 27. axb4 axb4 28. Na2 Qd7 29. Rc1 Rec6 30. Nxb4 Qb7 31. Qa2 Rc7 32. Qa5 Rd7 33. Rxc4 dxc4 34. d5 c3 35. bxc3 Ne6 36. Rf1 Nc5 37. Qa2 h6 38. Qc4 Kh7 39. e4 Rf7 40. Rxf7 Qxf7 41. Nc6 Qf3 42. Nxa7 Qd1+ 43. Kb2 Qxd2+ 44. Ka3 Nxe4 45. Qxe4 Qxc3+ 46. Ka4 Qa1+ 47. Kb5 Qxa7 48. d6 Qb8+ 49. Kc5 Qa7+ 50. Kd5 Qa8+ 51. Ke5 Qe8+ 52. Kd4 Qd7 53. Qe7 Qa4+ 54. Ke5 Qb5+ 55. Kd4 Qb4+ 56. Ke3 Qc3+ 57. Kf2 Qd2+ 58. Kf3 Qd3+ {Ke4} 1/2-1/2

[Event "WTch Senior +50"]
[Site "Prague CZE"]
[Date "2025.02.25"]
[Round "8.2"]
[White "Cummings, David"]
[Black "Van Haastert, Edwin"]
[Result "1/2-1/2"]
[WhiteElo "2255"]
[BlackElo "2408"]
[PlyCount "85"]
[GameId "524821515590"]
[EventDate "2025.02.17"]
[EventType "team-swiss"]
[EventRounds "9"]
[EventCountry "CZE"]
[SourceTitle "Mega2025 Update 17"]
[Source "Chessbase"]
[SourceDate "2025.02.28"]
[SourceVersion "1"]
[SourceVersionDate "2025.02.28"]
[SourceQuality "1"]
[WhiteTeam "Canada 50"]
[BlackTeam "Leiden SG 50"]
[WhiteTeamCountry "CAN"]
[BlackTeamCountry "NED"]

1. Nf3 d5 2. e3 Nf6 3. c4 dxc4 4. Bxc4 e6 5. O-O a6 6. d4 b5 7. Bb3 Bb7 8. Nc3 c5 9. e4 $1 {[%mdl 4] now scores much better than the old 9.Qe2. punktet besser als das ältere 9.De2.} cxd4 10. Nxd4 Nbd7 11. Be3 b4 12. Na4 Qb8 13. Rc1 Bd6 14. Nc6 $146 (14. f4 Nxe4 15. Nc6 Bxc6 16. Rxc6 O-O 17. Qd4 Ndf6 18. Bc2 e5 19. Qb6 exf4 20. Bd4 {0-1 Kojima,S (2306)-Yamada,K (2172) Asian Games Hangzhou rapid 2023 (7)}) 14... Bxh2+ 15. Kh1 Qd6 16. f3 a5 17. Qxd6 Bxd6 18. Rfd1 Bg3 19. Na7 O-O 20. Nc5 Nxc5 21. Bxc5 Rfb8 22. Ba4 Bf4 23. Rb1 h5 24. a3 Kh7 25. axb4 axb4 26. b3 h4 27. Kg1 Rd8 28. Bf2 g5 29. Bb5 Kg6 30. Nc6 Bxc6 31. Bxc6 Rxd1+ 32. Rxd1 Ra2 33. Bb5 Nh5 34. Bd3 Be5 35. Be3 f6 36. Bc4 f5 37. Bxe6 fxe4 38. fxe4 Re2 39. Bf5+ Kf6 40. Rd3 Re1+ 41. Kf2 Bg3+ 42. Kf3 Nf4 43. Rd6+ 1/2-1/2

[Event "WTch Senior +50"]
[Site "Prague CZE"]
[Date "2025.02.26"]
[Round "9.2"]
[White "Cummings, David"]
[Black "Duong, Thanh Nha"]
[Result "1-0"]
[WhiteElo "2255"]
[BlackElo "2168"]
[PlyCount "109"]
[GameId "524821681349"]
[EventDate "2025.02.17"]
[EventType "team-swiss"]
[EventRounds "9"]
[EventCountry "CZE"]
[SourceTitle "Mega2025 Update 17"]
[Source "Chessbase"]
[SourceDate "2025.02.28"]
[SourceVersion "1"]
[SourceVersionDate "2025.02.28"]
[SourceQuality "1"]
[WhiteTeam "Canada 50"]
[BlackTeam "Quebec 50"]
[WhiteTeamCountry "CAN"]
[BlackTeamCountry "CAN"]

{[%evp 0,70,21,-15,-29,-8,-11,-26,-22,-59,-19,-16,-46,-35,-38,-54,-21,-11,-16,-16,-6,-21,-23,-19,-15,-7,18,18,-1,-31,-36,-25,-11,-46,-34,-37,-7,-44,-33,-31,-18,-18,-13,-13,-13,-13,-18,-18,-29,-13,-17,-35,-22,-21,12,-35,-17,-17,7,-35,-17,-34,-18,-49,-44,-36,11,-36,-12,-31,-26,-3,15]} 1. c4 e5 2. Nc3 Nf6 3. Nf3 Nc6 4. g3 Bb4 5. Nd5 e4 6. Nh4 O-O 7. Bg2 Re8 8. O-O d6 {now scores much better than the old 8...Bc5. punktet besser als das ältere 8...Lc5.} 9. Nxb4 Nxb4 10. a3 Nc6 11. d3 exd3 12. Qxd3 Be6 $146 (12... Bg4 13. e4 Nd7 14. Bd2 Nc5 15. Qc3 Be2 16. Rfe1 Nxe4 17. Bxe4 Rxe4 18. f3 Rxc4 {1-0 Gurevich,M (2610)-Adams,M (2630) Munich SKA 1993 (1)}) 13. b3 d5 14. c5 Qe7 15. b4 Ne5 16. Qc2 Nc4 17. Nf3 a5 18. Bb2 Ne4 19. Nd4 Qf6 20. Nxe6 Qxe6 21. Bd4 Ned2 22. Rfe1 c6 23. Qc3 f6 24. Qd3 Ne4 25. h4 Ne5 26. Qc2 Qf5 27. Qb3 Nc4 28. Qd3 Ne5 29. Qb3 Re7 30. b5 Nc4 31. bxc6 bxc6 32. Qd3 Ne5 33. Qb3 Ree8 34. Bxe4 Qxe4 35. Bxe5 Qxe5 36. Qb6 Qe6 37. Rab1 Re7 38. Rb3 Qc8 39. Rb2 Qe6 40. Reb1 Kf7 41. Qb3 Qg4 42. Qd3 f5 43. Rb7 Rae8 44. R1b6 Rxb7 45. Rxb7+ Kf6 46. Qc3+ d4 47. Qxa5 Rxe2 48. Qc7 Re1+ 49. Kh2 Re6 50. Qf7+ Ke5 51. f4+ Kd5 52. Rd7+ Kxc5 53. Qxe6 Qd1 54. Qd6+ Kc4 55. Qb4+ 1-0

[Event "Maritime op"]
[Site "Summerside, PEI CAN"]
[Date "2024.10.13"]
[Round "3.1"]
[White "Cummings, David"]
[Black "Dorrance, Adam"]
[Result "1/2-1/2"]
[WhiteElo "2373"]
[BlackElo "2466"]
[PlyCount "125"]
[GameId "2160767905787584"]
[EventDate "2024.10.12"]
[EventType "swiss"]
[EventRounds "6"]
[EventCountry "CAN"]

1. c4 e6 2. Nc3 d5 3. d4 Nf6 4. cxd5 exd5 5. Bg5 Bb4 6. e3 h6 7. Bh4 g5 8. Bg3 Ne4 9. a3 Nxg3 10. hxg3 Bf8 11. Nf3 c6 12. Bd3 Be6 13. Qc2 Bg7 14. b4 Nd7 15. Na4 Qe7 16. Nc5 Nxc5 17. bxc5 Bd7 18. Rb1 Rb8 19. Qc3 O-O 20. Bc2 Rfe8 21. Qd3 f5 22. g4 Qe4 23. gxf5 Bxf5 24. Qxe4 Bxe4 25. Bxe4 Rxe4 26. Ke2 Ree8 27. Kd3 b6 28. cxb6 axb6 29. Rhc1 Rec8 30. a4 Kf7 31. Rc2 Rc7 32. Nd2 Bf8 33. Rcb2 Rcb7 34. Nb3 Ba3 35. Ra2 Bb4 36. Rc2 Rc8 37. Nc1 Bd6 38. a5 b5 39. Nb3 Ra7 40. Rbc1 Ra6 41. f3 Ke7 42. e4 dxe4+ 43. fxe4 Kd7 44. e5 Bb4 45. Rf1 Rf8 46. Rxf8 Bxf8 47. Rf2 Be7 48. Rf7 Ke6 49. Rh7 Ra8 50. Rxh6+ Kd5 51. Rh7 Bb4 52. Rd7+ Ke6 53. Rc7 Kd5 54. Rg7 g4 55. Rd7+ Ke6 56. Rg7 Kd5 57. Rxg4 Bxa5 58. Rg7 Bb4 59. Rd7+ Ke6 60. Rc7 Kd5 61. Rd7+ Ke6 62. Rc7 Kd5 63. Rd7+ 1/2-1/2

[Event "Maritime op"]
[Site "Summerside, PEI CAN"]
[Date "2024.10.13"]
[Round "4.3"]
[White "Martinovsky, Ian"]
[Black "Cummings, David"]
[Result "0-1"]
[WhiteElo "2220"]
[BlackElo "2373"]
[PlyCount "100"]
[GameId "2160767905787589"]
[EventDate "2024.10.12"]
[EventType "swiss"]
[EventRounds "6"]
[EventCountry "CAN"]

1. Nf3 d5 2. g3 Nd7 3. c4 dxc4 4. Qa4 a6 5. Qxc4 b5 6. Qc2 Bb7 7. Bg2 Ngf6 8. O-O e6 9. b3 Be7 10. Bb2 c5 11. d3 O-O 12. Nbd2 Rc8 13. Rac1 Qb6 14. Qb1 Rfd8 15. Qa1 h6 16. h3 Bf8 17. Rfd1 Nd5 18. Ne4 Ne7 19. Rc2 Nd5 20. Rcc1 Nb4 21. Ned2 Ba8 22. Ne1 Bxg2 23. Nxg2 Nd5 24. Ne4 Re8 25. Nh4 e5 26. Nf3 Qe6 27. Kh2 f5 28. Nc3 N5f6 29. Nd2 b4 30. Na4 h5 31. Rc4 g5 32. Nf3 Bh6 33. Qc1 f4 34. gxf4 exf4 35. Nxg5 Bxg5 36. Rg1 Ng4+ 37. hxg4 hxg4 38. Rh1 g3+ 39. Kg2 f3+ 40. exf3 Bxc1 41. Rh8+ Kf7 42. Rh7+ Kf8 43. Bxc1 gxf2 44. Rf4+ Kg8 45. Rh1 Nf6 46. Kxf2 Rc7 47. Rg1+ Rg7 48. Rxg7+ Kxg7 49. Bb2 Qe3+ 50. Kg3 Qg1+ 0-1

[Event "Maritime op"]
[Site "Summerside, PEI CAN"]
[Date "2024.10.14"]
[Round "5.2"]
[White "Cummings, David"]
[Black "Talukdar, Rohan"]
[Result "0-1"]
[WhiteElo "2373"]
[BlackElo "2436"]
[PlyCount "112"]
[GameId "2160767905787591"]
[EventDate "2024.10.12"]
[EventType "swiss"]
[EventRounds "6"]
[EventCountry "CAN"]

1. Nf3 d5 2. e3 Nf6 3. c4 dxc4 4. Bxc4 a6 5. d4 e6 6. O-O Be7 7. Qe2 b5 8. Bb3 Bb7 9. Nc3 c5 10. Rd1 Nbd7 11. d5 exd5 12. Bxd5 Nxd5 13. Nxd5 Bxd5 14. Rxd5 Qc7 15. e4 Nb6 16. Rd1 O-O 17. e5 Rad8 18. Bg5 Bxg5 19. Nxg5 h6 20. Nf3 Qc6 21. Rac1 Rd5 22. Nh4 Rfd8 23. h3 c4 24. f4 Kf8 25. Nf5 Qe6 26. Ne3 Rd3 27. b3 Qg6 28. bxc4 Qe4 29. Qf3 Qxf3 30. gxf3 Rxd1+ 31. Rxd1 Rxd1+ 32. Nxd1 Nxc4 33. Nc3 Ke7 34. Nd5+ Kd7 35. Kf2 a5 36. Ke2 Kc6 37. Ne7+ Kc5 38. Nf5 b4 39. Kd3 a4 40. Kc2 Kd5 41. Nxg7 Ne3+ 42. Kb1 Ng2 43. Nf5 h5 44. Ne7+ Kd4 45. Nc6+ Kc5 46. Nd8 Nxf4 47. Nxf7 Kd5 48. Ng5 Kxe5 49. Kc2 h4 50. Nf7+ Ke6 51. Nh6 Nxh3 52. Kd3 Kd5 53. Nf5 Nf4+ 54. Ke3 h3 55. Kxf4 h2 56. Ng3 b3 0-1

[Event "Toronto op"]
[Site "Toronto CAN"]
[Date "2024.08.31"]
[Round "1"]
[White "Cummings, David"]
[Black "Yang, Larry"]
[Result "1-0"]
[WhiteElo "2278"]
[BlackElo "1965"]
[PlyCount "89"]
[GameId "2160767905784220"]
[EventDate "2024.08.31"]
[EventType "swiss"]
[EventRounds "6"]
[EventCountry "CAN"]
[SourceTitle "EXT 2025"]
[Source "ChessBase"]
[SourceDate "2024.10.14"]
[SourceVersion "1"]
[SourceVersionDate "2024.10.14"]
[SourceQuality "1"]

1. c4 Nf6 2. Nc3 d5 3. cxd5 Nxd5 4. Nf3 g6 5. h4 h6 6. e4 Nxc3 7. bxc3 Bg7 8. d4 c5 9. Be3 Nc6 10. Qd2 Qa5 11. Rb1 cxd4 12. cxd4 Qxd2+ 13. Kxd2 O-O 14. d5 Rd8 15. Bd3 Na5 16. Ke2 b6 17. Nd4 e6 18. Nc6 Nxc6 19. dxc6 Rxd3 20. Kxd3 Ba6+ 21. Kc2 Rc8 22. Rhc1 Rxc6+ 23. Kb3 Rd6 24. Rd1 Bd3 25. Rbc1 b5 26. Rc8+ Kh7 27. Kb4 Rd7 28. Rd2 Bf6 29. g3 a6 30. f4 Be7+ 31. Bc5 Rd4+ 32. Kc3 Rc4+ 33. Kxd3 Bxc5 34. Rc2 Rd4+ 35. Ke3 Bb6 36. R2c6 Rd6+ 37. Ke2 Rxc6 38. Rxc6 Bd4 39. Rxa6 b4 40. Rc6 Bg7 41. Rc7 Kg8 42. Rc8+ Bf8 43. Kd3 Kg7 44. Rxf8 Kxf8 45. Kc4 1-0

[Event "Toronto op"]
[Site "Toronto CAN"]
[Date "2024.08.31"]
[Round "2"]
[White "Bora, Safal"]
[Black "Cummings, David"]
[Result "1-0"]
[WhiteElo "2484"]
[BlackElo "2278"]
[PlyCount "119"]
[GameId "2160767905784230"]
[EventDate "2024.08.31"]
[EventType "swiss"]
[EventRounds "6"]
[EventCountry "CAN"]
[SourceTitle "EXT 2025"]
[Source "ChessBase"]
[SourceDate "2024.10.14"]
[SourceVersion "1"]
[SourceVersionDate "2024.10.14"]
[SourceQuality "1"]

1. d4 Nf6 2. c4 e6 3. Nf3 d5 4. Nc3 c6 5. e3 Nbd7 6. Qc2 Bd6 7. g4 h6 8. Rg1 e5 9. Be2 e4 10. Nd2 Nf8 11. cxd5 cxd5 12. Qb3 Qa5 13. h4 g5 14. h5 N8d7 15. f3 exf3 16. Bxf3 Nb6 17. Qc2 Bd7 18. Nb3 Qb4 19. Bd2 Rc8 20. O-O-O Qc4 21. Kb1 Qc7 22. Rc1 O-O 23. Qd3 Qd8 24. Na5 Nc4 25. Nxd5 Nxd2+ 26. Qxd2 Rxc1+ 27. Qxc1 Nxd5 28. Nxb7 Qe7 29. Bxd5 Rc8 30. Qf1 Bb4 31. Qd3 Be6 32. Bxe6 Qxe6 33. a3 Bxa3 34. d5 Qb6 35. Qxa3 Qxb7 36. Qd3 Qb4 37. Qf5 Rb8 38. Qc2 a5 39. Ka2 a4 40. Rd1 Qxg4 41. Rd4 Qf3 42. Qd2 a3 43. bxa3 Qf1 44. Rb4 Rc8 45. d6 Qf5 46. Kb2 Rd8 47. Rd4 Rb8+ 48. Rb4 Rd8 49. Qd4 Qe6 50. Rb6 g4 51. Rb4 f5 52. Rb7 Rd7 53. Rb8+ Kf7 54. Rh8 Rb7+ 55. Kc1 Qb3 56. Rh7+ Ke6 57. Rxh6+ Kd7 58. Qg7+ Kc6 59. d7+ Kb5 60. Qe5+ 1-0